[Event "X Festival Magistrale"]
[Site "Celle Ligure ITA"]
[Date "1995.04.??"]
[Round "1"]
[White "Tedeschi, Paolo"]
[Black "Di Paolo, Raffaele"]
[Result "0-1"]
[WhiteElo "1920"]
[BlackElo "2265"]
[PlyCount "62"]
[EventDate "1995.04.01"]

1. d4 Nf6 2. c4 g6 3. Nc3 d6 4. e4 Bg7 5. f4 O-O 6. Nf3 c5 7. d5 e6 8. Be2 exd5
9. cxd5 b5 10. Bxb5 Nxe4 11. Nxe4 Qa5+ 12. Kf2 Qxb5 13. Nxd6 Qa6 14. Nxc8 Rxc8
15. Re1 c4 16. Re2 Nd7 17. Be3 Rab8 18. Bd4 Nc5 19. Bxc5 Rxc5 20. Ne5 Rd8 21.
Rd2 Qd6 22. Qe2 f6 23. Nf3 Qxf4 24. Qe6+ Kh8 25. Re1 c3 26. bxc3 Rxc3 27. Qe4
Rxf3+ 28. gxf3 Qxd2+ 29. Re2 Qd1 30. Kg2 f5 31. Qe6 Qxd5 0-1

[Event "X Festival Magistrale"]
[Site "Celle Ligure ITA"]
[Date "1995.04.??"]
[Round "1"]
[White "Tortarolo, Massimiliano"]
[Black "Wagman, Stuart"]
[Result "1-0"]
[WhiteElo "2240"]
[BlackElo "2215"]
[PlyCount "97"]
[EventDate "1995.04.01"]

1. e4 e5 2. Nf3 Nc6 3. Bb5 Nf6 4. O-O Nxe4 5. d4 Nd6 6. Bxc6 dxc6 7. dxe5 Nf5
8. Qe2 Nd4 9. Nxd4 Qxd4 10. Rd1 Bg4 11. Rxd4 Bxe2 12. Nc3 Bh5 13. Bg5 h6 14.
Bh4 Bc5 15. Rd2 Bb4 16. f4 Bxc3 17. bxc3 Bg4 18. Rf1 Be6 19. a3 O-O 20. f5 Bd5
21. Rf4 b5 22. Rd3 Kh7 23. Rg4 Rg8 24. Bf2 Rae8 25. Rdg3 g6 26. e6 g5 27. exf7
Bxf7 28. h4 gxh4 29. Rxh4 Rxg3 30. Bxg3 Rg8 31. Bf4 h5 32. Kf2 Rg4 33. Rxg4
hxg4 34. Kg3 Bd5 35. c4 bxc4 36. c3 Kg7 37. Bxc7 Kf7 38. Kxg4 Bxg2 39. Kf4 Ke7
40. Ke5 Bd5 41. Ba5 Bf7 42. Kd4 Kd7 43. Bb4 Bd5 44. Bc5 a6 45. Bb4 Kc7 46. Kc5
Be4 47. f6 Bd5 48. Ba5+ Kd7 49. Bb6 $139 1-0

[Event "X Festival Magistrale"]
[Site "Celle Ligure ITA"]
[Date "1995.04.??"]
[Round "1"]
[White "Vignato, Giovanni"]
[Black "Parrella, Alfredo"]
[Result "0-1"]
[WhiteElo "1918"]
[BlackElo "2205"]
[PlyCount "72"]
[EventDate "1995.04.01"]

1. Nf3 Nf6 2. g3 d5 3. d4 c5 4. c3 e6 5. Bg2 Be7 6. O-O O-O 7. Ne5 Nc6 8. f4
Qc7 9. Be3 Qb6 10. b3 Rd8 11. Nd2 cxd4 12. Nxc6 bxc6 13. Bxd4 c5 14. Bf2 Ng4
15. e4 Nxf2 16. Rxf2 Bb7 17. e5 a5 18. Qc2 a4 19. bxa4 Bc6 20. f5 Bxa4 21. Qd3
c4 22. Qe2 Bc5 23. Raf1 exf5 24. Nf3 Bxf2+ 25. Rxf2 Qb1+ 26. Rf1 Qd3 27. Qf2
Qc2 28. Qd4 Qe4 29. Qd2 Rab8 30. Nh4 Qd3 31. Qg5 h6 32. Qxf5 Rf8 33. Qg4 Qe3+
34. Kh1 Qxe5 35. Nf5 Kh8 36. Bxd5 Qxd5+ 0-1

[Event "X Festival Magistrale"]
[Site "Celle Ligure ITA"]
[Date "1995.04.??"]
[Round "1"]
[White "Zichichi, Alvise"]
[Black "Duarte, Riccardo"]
[Result "1-0"]
[WhiteElo "2315"]
[BlackElo "2030"]
[PlyCount "71"]
[EventDate "1995.04.01"]

1. d4 d5 2. Nf3 Nf6 3. e3 c6 4. Bd3 Bg4 5. Nbd2 e6 6. c4 Bd6 7. Qb3 Qc8 8. Ne5
Bh5 9. f4 Nbd7 10. O-O Bg6 11. cxd5 Bxd3 12. dxc6 Ba6 13. cxd7+ Nxd7 14. Ne4
Be7 15. Rf2 Nxe5 16. fxe5 Qc6 17. Nc3 O-O 18. e4 Bc4 19. Qd1 Rad8 20. Qg4 f5
21. exf6 Rxf6 22. Rxf6 Bxf6 23. e5 Be7 24. Bh6 Bf8 25. Rd1 Rd7 26. h4 Kh8 27.
Be3 Rf7 28. Rc1 Qb6 29. Ne4 Bxa2 30. Ng5 Rf5 31. Rc8 g6 32. h5 Qb4 33. hxg6
Qe1+ 34. Kh2 Kg8 35. gxh7+ Kh8 36. Nf3 1-0

[Event "X Festival Magistrale"]
[Site "Celle Ligure ITA"]
[Date "1995.04.??"]
[Round "2"]
[White "Aranovitch, Emiliano"]
[Black "Duarte, Riccardo"]
[Result "1-0"]
[WhiteElo "1900"]
[BlackElo "2030"]
[PlyCount "63"]
[EventDate "1995.04.01"]

1. d4 Nf6 2. Nf3 d5 3. Bg5 c6 4. e3 e6 5. Bd3 Nbd7 6. O-O Be7 7. Nbd2 O-O 8. c3
Ng4 9. Bf4 c5 10. h3 Ngf6 11. Ne5 Re8 12. Ndf3 Ne4 13. Nxd7 Bxd7 14. Bxe4 dxe4
15. Ne5 cxd4 16. Nxd7 Qxd7 17. exd4 Qb5 18. Qb3 Qf5 19. Bh2 b6 20. Rfe1 Qg6 21.
Rad1 Red8 22. Qc2 f5 23. Qe2 Rac8 24. Bf4 Bd6 25. Bxd6 Rxd6 26. f3 exf3 27.
Qxf3 Rcd8 28. Re5 Rd5 29. Rde1 R8d6 30. Rxe6 Qg5 31. Rxd6 Rxd6 32. Qa8+ 1-0

[Event "X Festival Magistrale"]
[Site "Celle Ligure ITA"]
[Date "1995.04.??"]
[Round "2"]
[White "Caruso, Daniele"]
[Black "Martorelli, Antonio"]
[Result "0-1"]
[WhiteElo "2080"]
[BlackElo "2255"]
[PlyCount "52"]
[EventDate "1995.04.01"]

1. e4 c5 2. Nf3 e6 3. c3 Nf6 4. Bd3 Nc6 5. O-O Be7 6. Re1 O-O 7. Bf1 d5 8. e5
Nd7 9. d4 f6 10. exf6 Nxf6 11. Ng5 cxd4 12. cxd4 e5 13. dxe5 Ng4 14. Nf3 Bc5
15. Be3 Nxe3 16. fxe3 Bg4 17. Qc2 Qb6 18. Nbd2 Bxe3+ 19. Kh1 Nd4 20. Qd3 Bxd2
21. Nxd2 Bf5 22. Qg3 Nc2 23. Nf3 Nxa1 24. Rxa1 Qxb2 25. Re1 Rae8 26. h4 Be4 0-1

[Event "X Festival Magistrale"]
[Site "Celle Ligure ITA"]
[Date "1995.04.??"]
[Round "2"]
[White "Collareta, Giovanni"]
[Black "Sciacca, Massimo"]
[Result "1/2-1/2"]
[WhiteElo "2080"]
[BlackElo "1908"]
[PlyCount "49"]
[EventDate "1995.04.01"]

1. c4 e6 2. Nf3 d5 3. g3 c5 4. cxd5 exd5 5. Bg2 Nf6 6. O-O Nc6 7. d4 Be7 8. Nc3
O-O 9. b3 Re8 10. dxc5 Bxc5 11. Na4 Be7 12. Bb2 Be6 13. Rc1 Ne4 14. Nd4 Nxd4
15. Bxd4 Ba3 16. Bb2 Bxb2 17. Nxb2 Qa5 18. Na4 Rac8 19. Qd4 b5 20. Bxe4 dxe4
21. Rc5 Rxc5 22. Nxc5 Bg4 23. Qb2 Qb4 24. Rc1 e3 25. f3 1/2-1/2

[Event "X Festival Magistrale"]
[Site "Celle Ligure ITA"]
[Date "1995.04.??"]
[Round "2"]
[White "Di Paolo, Raffaele"]
[Black "Tortarolo, Massimiliano"]
[Result "1-0"]
[WhiteElo "2265"]
[BlackElo "2240"]
[PlyCount "95"]
[EventDate "1995.04.01"]

1. e4 c6 2. Nc3 d5 3. Qf3 e6 4. d4 dxe4 5. Nxe4 Nd7 6. Bd3 Ngf6 7. Bg5 Be7 8.
O-O-O Qa5 9. Bxf6 Nxf6 10. Kb1 Bd7 11. Qg3 Nxe4 12. Bxe4 O-O 13. Nf3 Rfd8 14.
Ne5 Be8 15. f4 Qb6 16. Qh3 f5 17. Bd3 Qxd4 18. Qf3 Qb6 19. g4 Bg6 20. Bc4 c5
21. Nd7 Qc7 22. Bxe6+ Kh8 23. Ne5 Be8 24. Bxf5 Bf6 25. Be4 Bxe5 26. fxe5 Bc6
27. Bxc6 Qxc6 28. Qxc6 bxc6 29. Rd3 Rxd3 30. cxd3 Re8 31. Re1 Kg8 32. e6 Kf8
33. Rf1+ Kg8 34. Re1 Kf8 35. Re5 Ke7 36. Rxc5 Kd6 37. Ra5 Re7 38. d4 Rb7 39.
Re5 Ke7 40. Kc2 Rb8 41. Kc3 Rf8 42. Rf5 Rxf5 43. gxf5 g6 44. fxg6 hxg6 45. Kc4
Kxe6 46. Kc5 Kd7 47. h4 Kc7 48. d5 1-0

[Event "X Festival Magistrale"]
[Site "Celle Ligure ITA"]
[Date "1995.04.??"]
[Round "2"]
[White "Farina, Saverio"]
[Black "Coppini, Giorgio"]
[Result "1-0"]
[WhiteElo "2120"]
[BlackElo "2255"]
[PlyCount "85"]
[EventDate "1995.04.01"]

1. d4 d5 2. c4 c6 3. Nc3 Nf6 4. Bg5 dxc4 5. e4 b5 6. e5 Nd5 7. a4 Nxc3 8. bxc3
Be6 9. Ne2 h6 10. Be3 Bd5 11. Nf4 e6 12. Nxd5 exd5 13. Be2 b4 14. O-O b3 15.
Bg4 Be7 16. e6 fxe6 17. Bxe6 Qd6 18. Qg4 g5 19. f4 Nd7 20. Bxd7+ Qxd7 21. Qh5+
Kd8 22. fxg5 Kc7 23. Bf4+ Kb6 24. gxh6 Raf8 25. Be5 Rxf1+ 26. Rxf1 Rf8 27. Rxf8
Bxf8 28. h7 b2 29. Qg6 Qg4 30. Qc2 Qe2 31. Qxe2 b1=Q+ 32. Qf1 Qxh7 33. Qxf8 Qe4
34. Qd8+ Ka6 35. Qc8+ Ka5 36. h3 Qe3+ 37. Kh2 Kxa4 38. Qxc6+ Kb3 39. Qxd5 Qxc3
40. Qf3 Qd3 41. d5 Kb4 42. Qxd3 cxd3 43. Bf4 1-0

[Event "X Festival Magistrale"]
[Site "Celle Ligure ITA"]
[Date "1995.04.??"]
[Round "2"]
[White "Leoncini, Mario"]
[Black "Piccardo, Vittorio"]
[Result "1-0"]
[WhiteElo "2185"]
[BlackElo "1978"]
[PlyCount "41"]
[EventDate "1995.04.01"]

1. e4 e5 2. Nf3 Nf6 3. d4 Nxe4 4. Bd3 Nc6 5. dxe5 d5 6. exd6 Nxd6 7. O-O Bf5 8.
Nc3 Bxd3 9. Qxd3 Be7 10. Nd5 O-O 11. Bf4 Re8 12. Rad1 Rc8 13. Nxe7+ Nxe7 14. c3
Nef5 15. c4 Qf6 16. b4 h6 17. Rfe1 Rxe1+ 18. Rxe1 b6 19. c5 bxc5 20. bxc5 Nb7
21. Qd7 1-0

[Event "X Festival Magistrale"]
[Site "Celle Ligure ITA"]
[Date "1995.04.??"]
[Round "2"]
[White "Mazzotti, Carlo"]
[Black "Vigano', Massimo"]
[Result "0-1"]
[WhiteElo "1922"]
[BlackElo "1935"]
[PlyCount "118"]
[EventDate "1995.04.01"]

1. e4 e6 2. d4 d5 3. Nc3 Bb4 4. e5 Ne7 5. Bd2 c5 6. a3 Bxc3 7. Bxc3 b6 8. Qg4
Nf5 9. Nf3 Ba6 10. Bxa6 Nxa6 11. O-O O-O 12. Rfd1 Rc8 13. Rac1 Nb8 14. Bd2 Nd7
15. c4 dxc4 16. d5 b5 17. dxe6 fxe6 18. Bf4 Qe8 19. Ng5 Nb6 20. Ne4 Nd5 21. Bg5
Qg6 22. h4 h6 23. h5 Qf7 24. Bf6 Kh8 25. Bh4 a6 26. Rd2 Rc7 27. b3 Nxh4 28.
Qxh4 Qf4 29. Qxf4 Rxf4 30. f3 cxb3 31. Rxc5 Rf5 32. Rxc7 Nxc7 33. Nd6 Kg8 34.
Rb2 Rxe5 35. Rxb3 Re2 36. g4 Nd5 37. Kf1 Rc2 38. Ke1 Kf8 39. Ne4 Nb6 40. Kd1
Ra2 41. Nc5 Nc4 42. Nxe6+ Kf7 43. Nc5 Rxa3 44. Rxa3 Nxa3 45. Nxa6 Ke6 46. f4
Kd6 47. g5 Nc4 48. gxh6 gxh6 49. Kc2 Ne3+ 50. Kd3 Nf5 51. Ke4 Ng3+ 52. Kf3 Nxh5
53. Kg4 Ng7 54. f5 Ke5 55. Nb4 Nxf5 56. Kh5 Kf6 57. Nd5+ Kg7 58. Nb4 Nd4 59.
Nd5 59... Ne6 $138 0-1

[Event "X Festival Magistrale"]
[Site "Celle Ligure ITA"]
[Date "1995.04.??"]
[Round "2"]
[White "Naumkin, Igor"]
[Black "Ortega, Lexy"]
[Result "1/2-1/2"]
[WhiteElo "2500"]
[BlackElo "2435"]
[PlyCount "21"]
[EventDate "1995.04.01"]

1. d4 d5 2. c4 c6 3. cxd5 cxd5 4. Nc3 Nf6 5. Nf3 Nc6 6. Bf4 Bf5 7. e3 e6 8. Bd3
Bxd3 9. Qxd3 Be7 10. O-O O-O 11. h3 1/2-1/2

[Event "X Festival Magistrale"]
[Site "Celle Ligure ITA"]
[Date "1995.04.??"]
[Round "2"]
[White "Parrella, Alfredo"]
[Black "Zlochevskij, Alexander"]
[Result "0-1"]
[WhiteElo "2205"]
[BlackElo "2485"]
[PlyCount "102"]
[EventDate "1995.04.01"]

1. c4 g6 2. Nc3 Bg7 3. Nf3 c5 4. d4 cxd4 5. Nxd4 Nc6 6. e3 d6 7. Be2 Bd7 8. O-O
Rc8 9. b3 Nh6 10. Bb2 Nxd4 11. exd4 Nf5 12. Nd5 h5 13. Re1 e6 14. Bd3 Qg5 15.
Bxf5 gxf5 16. Qc1 Qxc1 17. Raxc1 Kd8 18. Nb4 h4 19. Nd3 Rg8 20. f3 Ke7 21. Rc2
Bf6 22. h3 b6 23. Kh2 Rgd8 24. d5 Bxb2 25. Nxb2 e5 26. Rec1 f4 27. Nd1 Rc7 28.
Nf2 Bf5 29. Ne4 Bxe4 30. fxe4 f5 31. exf5 Kf6 32. a4 Rg8 33. a5 Rg3 34. b4 Kxf5
35. axb6 axb6 36. c5 bxc5 37. bxc5 Rxc5 38. Rxc5 dxc5 39. Rxc5 Rd3 40. Kg1 Ke4
41. Rc6 Rxd5 42. Rh6 Ke3 43. Rxh4 e4 44. Rh8 Rd1+ 45. Kh2 Kf2 46. Rf8 f3 47.
Rf5 Rg1 48. gxf3 Rg2+ 49. Kh1 e3 50. Re5 Rg3 51. Kh2 Rxf3 0-1

[Event "X Festival Magistrale"]
[Site "Celle Ligure ITA"]
[Date "1995.04.??"]
[Round "2"]
[White "Rossi, Giampiero"]
[Black "Palmiotto, Fiorentino"]
[Result "1/2-1/2"]
[WhiteElo "2145"]
[BlackElo "2195"]
[PlyCount "85"]
[EventDate "1995.04.01"]

1. d4 d5 2. c4 c6 3. cxd5 cxd5 4. Nc3 Nf6 5. Nf3 Nc6 6. Bf4 a6 7. e3 Bf5 8. Ne5
e6 9. Nxc6 bxc6 10. Qa4 Qb6 11. Be2 Be7 12. O-O O-O 13. Qb3 Qa7 14. Rac1 Nd7
15. Na4 Rac8 16. Rc3 c5 17. dxc5 Nxc5 18. Nxc5 Rxc5 19. Rfc1 Rfc8 20. Rxc5 Rxc5
21. Rxc5 Qxc5 22. Bxa6 g5 23. Be5 Qc1+ 24. Bf1 f6 25. Qc3 Qb1 26. Bg3 Qxa2 27.
h4 Qb1 28. hxg5 fxg5 29. Be5 Kf7 30. f3 Qc2 31. b4 Qxc3 32. Bxc3 Ke8 33. Kf2
Kd7 34. Ke1 Bc2 35. Kd2 Ba4 36. Bd3 h5 37. e4 dxe4 38. Bxe4 Bb5 39. Bd3 Bc6 40.
b5 Bd5 41. Be4 Bc4 42. Bd3 Bd5 43. Be4 1/2-1/2

[Event "X Festival Magistrale"]
[Site "Celle Ligure ITA"]
[Date "1995.04.??"]
[Round "2"]
[White "Vignato, Giovanni"]
[Black "Mordiglia, Riccardo"]
[Result "0-1"]
[WhiteElo "1918"]
[BlackElo "1873"]
[PlyCount "78"]
[EventDate "1995.04.01"]

1. d4 d5 2. c4 Nc6 3. Nf3 Bg4 4. e3 e5 5. dxe5 d4 6. Be2 Bb4+ 7. Kf1 dxe3 8.
Bxe3 Qxd1+ 9. Bxd1 O-O-O 10. Be2 Bxf3 11. gxf3 Nxe5 12. c5 c6 13. a3 Ba5 14. f4
Ng6 15. Rg1 N8e7 16. b4 Bc7 17. Nc3 Nxf4 18. Bxf4 Bxf4 19. Bc4 Bxh2 20. Rg5 Bf4
21. Rg4 Be5 22. Rc1 f5 23. Rg2 Rd2 24. Ne2 Rhd8 25. f4 Bf6 26. Rh2 h6 27. Rh3
Rb2 28. Rf3 Rdd2 29. Re1 Bh4 30. Rc1 Kd7 31. Re3 Nd5 32. Bxd5 Rxd5 33. Rcc3
Rbd2 34. Nc1 Rf2+ 35. Ke1 Rxf4+ 36. Ke2 Rf2+ 37. Ke1 Rc2+ 38. Kf1 Rd1+ 39. Re1
Rxe1# 0-1

[Event "X Festival Magistrale"]
[Site "Celle Ligure ITA"]
[Date "1995.04.??"]
[Round "2"]
[White "Wagman, Stuart"]
[Black "Tedeschi, Paolo"]
[Result "1/2-1/2"]
[WhiteElo "2215"]
[BlackElo "1920"]
[PlyCount "69"]
[EventDate "1995.04.01"]

1. e4 e6 2. d4 d5 3. Nc3 Nf6 4. e5 Nfd7 5. f4 c5 6. Nf3 Nc6 7. Be3 a6 8. Qd2 b5
9. dxc5 Bxc5 10. Nd4 Nxd4 11. Bxd4 Qb6 12. O-O-O Bb7 13. h4 Bc6 14. Rh3 b4 15.
Ne2 Bb5 16. Rg3 Bxe2 17. Bxe2 g6 18. Kb1 a5 19. h5 Rc8 20. Bxc5 Nxc5 21. Qd4
Qc6 22. c4 dxc4 23. Qxc4 Qe4+ 24. Qxe4 Nxe4 25. Bb5+ Kf8 26. Re3 Nc5 27. Rh3
Ke7 28. hxg6 hxg6 29. Rxh8 Rxh8 30. Rc1 Rc8 31. Rc4 Rc7 32. Kc2 Kd8 33. a3 bxa3
34. bxa3 Kc8 35. Kc3 1/2-1/2

[Event "X Festival Magistrale"]
[Site "Celle Ligure ITA"]
[Date "1995.04.??"]
[Round "3"]
[White "Caruso, Daniele"]
[Black "Vignato, Giovanni"]
[Result "1/2-1/2"]
[WhiteElo "2080"]
[BlackElo "1918"]
[PlyCount "85"]
[EventDate "1995.04.01"]

1. e4 c6 2. d4 d5 3. exd5 cxd5 4. Bd3 Nc6 5. c3 Nf6 6. Bf4 g6 7. h3 Bg7 8. Nf3
O-O 9. O-O Bf5 10. Bxf5 gxf5 11. Nbd2 Ne4 12. Ne5 Nxe5 13. Bxe5 Bxe5 14. dxe5
e6 15. Nxe4 fxe4 16. Qd4 Qb6 17. Qxb6 axb6 18. f3 exf3 19. Rxf3 Ra4 20. Kf2 Re4
21. Re1 Ra8 22. a3 Raa4 23. Rxe4 Rxe4 24. Re3 Rxe3 25. Kxe3 Kg7 26. a4 Kg6 27.
Kf4 Kh5 28. g3 Kh6 29. g4 Kg6 30. h4 Kh6 31. c4 dxc4 32. Ke4 b5 33. axb5 b6 34.
Kd4 Kg6 35. Ke4 h6 36. Kf4 Kg7 37. h5 f6 38. Ke4 Kf7 39. Kd4 fxe5+ 40. Kxe5 Ke7
41. Ke4 Kf7 42. Ke5 Ke7 43. Ke4 1/2-1/2

[Event "X Festival Magistrale"]
[Site "Celle Ligure ITA"]
[Date "1995.04.??"]
[Round "3"]
[White "Cazzaniga, Walter"]
[Black "Wagman, Stuart"]
[Result "1/2-1/2"]
[WhiteElo "2185"]
[BlackElo "2215"]
[PlyCount "66"]
[EventDate "1995.04.01"]

1. d4 d5 2. c4 c6 3. Nf3 Nf6 4. Nc3 dxc4 5. a4 Bf5 6. e3 e6 7. Bxc4 Bb4 8. O-O
Nbd7 9. Qe2 O-O 10. Rd1 Bg6 11. Ne5 Nxe5 12. dxe5 Nd7 13. Na2 Ba5 14. b4 Bc7
15. Bb2 Qe7 16. f4 Nb6 17. Bd4 Qh4 18. Bxb6 Bxb6 19. Qf2 Qxf2+ 20. Kxf2 Bc2 21.
Rd2 Bxa4 22. Nc3 Bb5 23. Bxb5 cxb5 24. Nxb5 f6 25. exf6 Rxf6 26. Ke2 e5 27.
fxe5 Rf5 28. Rd5 Re8 29. Nxa7 Rfxe5 30. Rxe5 Rxe5 31. Ra3 Re4 32. Nb5 Rxb4 33.
Nd6 h6 1/2-1/2

[Event "X Festival Magistrale"]
[Site "Celle Ligure ITA"]
[Date "1995.04.??"]
[Round "3"]
[White "Cirabisi, Federico"]
[Black "Naumkin, Igor"]
[Result "0-1"]
[WhiteElo "2220"]
[BlackElo "2500"]
[PlyCount "72"]
[EventDate "1995.04.01"]

1. d4 e6 2. e3 f5 3. Bd3 Nf6 4. Nd2 d5 5. f4 c5 6. c3 Be7 7. Nh3 O-O 8. O-O b6
9. Nf3 Ba6 10. Bxa6 Nxa6 11. Ne5 Nc7 12. Rf3 Ne4 13. Nf2 Nxf2 14. Rxf2 Ne8 15.
g4 Nf6 16. Rg2 Bd6 17. gxf5 exf5 18. Bd2 Bxe5 19. fxe5 Ne4 20. Qe2 Qd7 21. Kh1
Rae8 22. Rag1 Rf7 23. Be1 Re6 24. Qh5 c4 25. Rf1 Rc6 26. Bh4 b5 27. a3 a5 28.
Rfg1 Rb6 29. Ra1 Qe6 30. Qf3 Qh6 31. Bg3 Qh3 32. Qf4 g5 33. Qf1 Rg6 34. a4 f4
35. exf4 gxf4 36. Be1 Rfg7 0-1

[Event "X Festival Magistrale"]
[Site "Celle Ligure ITA"]
[Date "1995.04.??"]
[Round "3"]
[White "Collareta, Giovanni"]
[Black "Laketic, Gojko"]
[Result "0-1"]
[WhiteElo "2080"]
[BlackElo "2390"]
[PlyCount "56"]
[EventDate "1995.04.01"]

1. c4 Nf6 2. Nf3 c6 3. g3 d5 4. cxd5 cxd5 5. Bg2 Nc6 6. d4 Bf5 7. O-O e6 8. Qb3
a6 9. Bd2 Rb8 10. Rc1 Bd6 11. Bf4 O-O 12. Nc3 Bg4 13. e3 Bxf4 14. gxf4 Bxf3 15.
Bxf3 Na5 16. Qd1 Nc4 17. Rc2 Rc8 18. Rac1 Nd6 19. Na4 Rxc2 20. Rxc2 Nfe8 21.
Nc5 Qe7 22. Nd3 Nf5 23. Qc1 Ned6 24. Ne5 Nh4 25. Bg2 f6 26. Nd3 Qe8 27. Qf1 Qg6
28. Rd2 Nf3+ 0-1

[Event "X Festival Magistrale"]
[Site "Celle Ligure ITA"]
[Date "1995.04.??"]
[Round "3"]
[White "Duarte, Riccardo"]
[Black "Tedeschi, Paolo"]
[Result "1-0"]
[WhiteElo "2030"]
[BlackElo "1920"]
[PlyCount "35"]
[EventDate "1995.04.01"]

1. e4 e6 2. d4 d5 3. Nd2 Nf6 4. e5 Nfd7 5. Bd3 c5 6. c3 Nc6 7. Ngf3 a6 8. O-O
Be7 9. Qe2 cxd4 10. cxd4 b5 11. Nb3 Nb6 12. a3 O-O 13. Qc2 Bd7 14. Bxh7+ Kh8
15. Bd3 Rc8 16. Qe2 g6 17. Qe3 Nc4 18. Qh6+ 1-0

[Event "X Festival Magistrale"]
[Site "Celle Ligure ITA"]
[Date "1995.04.??"]
[Round "3"]
[White "Mordiglia, Riccardo"]
[Black "Cordara, Michele"]
[Result "0-1"]
[WhiteElo "1873"]
[BlackElo "2185"]
[PlyCount "110"]
[EventDate "1995.04.01"]

1. e4 c5 2. b4 cxb4 3. a3 e6 4. axb4 Bxb4 5. c3 Be7 6. d4 d5 7. e5 Bd7 8. Qg4
Kf8 9. h4 h5 10. Qg3 Nh6 11. Bxh6 Rxh6 12. Bd3 Qb6 13. Nd2 Qb2 14. Rb1 Qxc3 15.
Ne2 Qc7 16. Qf4 Nc6 17. Rc1 Rc8 18. O-O f5 19. Nf3 Rg6 20. g3 Qd8 21. Kh2 Nb4
22. Rxc8 Qxc8 23. Rc1 Qe8 24. Ne1 Qd8 25. Qf3 Bxh4 26. Nf4 Rg4 27. Bf1 Bxg3+
28. fxg3 h4 29. Bh3 Rxg3 30. Qh5 Qg5 31. Qxg5 Rxg5 32. Rc7 Ke8 33. Rxb7 a5 34.
Nf3 Rg3 35. Nxh4 Rc3 36. Nh5 Kd8 37. Ng6 Kc8 38. Ra7 Nc6 39. Ra8+ Kb7 40. Rg8
a4 41. Rxg7 a3 42. Nf8 Rc2+ 43. Kh1 Rc1+ 44. Kh2 a2 45. Rxd7+ Kb8 46. Nxe6 a1=Q
47. Bg2 Nxd4 48. Nef4 Nc6 49. e6 Qd4 50. Rxd5 Qg1+ 51. Kg3 Qe1+ 52. Kh2 Qh4+
53. Bh3 Rc2+ 54. Kg1 Qg3+ 55. Bg2 Rc1+ 0-1

[Event "X Festival Magistrale"]
[Site "Celle Ligure ITA"]
[Date "1995.04.??"]
[Round "3"]
[White "Nurkic, Sahbaz"]
[Black "Farina, Saverio"]
[Result "1-0"]
[WhiteElo "2450"]
[BlackElo "2120"]
[PlyCount "71"]
[EventDate "1995.04.01"]

1. e4 e6 2. d4 d5 3. Nd2 c5 4. exd5 exd5 5. Ngf3 Nc6 6. dxc5 Bxc5 7. Nb3 Bb6 8.
c3 Nf6 9. Be2 O-O 10. O-O Qd6 11. Nfd4 Bc7 12. g3 Qd7 13. Re1 Ne4 14. Bf1 Qd8
15. Bg2 f5 16. Ne2 Bb6 17. Nbd4 Qf6 18. Be3 Be6 19. Nxe6 Bxe3 20. fxe3 Qxe6 21.
Nf4 Qf7 22. Qxd5 Rad8 23. Bxe4 fxe4 24. Qxe4 g5 25. Nh3 Qh5 26. Qe6+ Kg7 27.
Rf1 Rfe8 28. Qf6+ Kg8 29. Rf5 h6 30. Nxg5 Ne5 31. Ne6 Rd1+ 32. Rxd1 Qxd1+ 33.
Rf1 Nf3+ 34. Qxf3 Qxf3 35. Rxf3 Rxe6 36. Kf1 1-0

[Event "X Festival Magistrale"]
[Site "Celle Ligure ITA"]
[Date "1995.04.??"]
[Round "3"]
[White "Pappalardo, Paolo"]
[Black "Zlochevskij, Alexander"]
[Result "0-1"]
[WhiteElo "1911"]
[BlackElo "2485"]
[PlyCount "90"]
[EventDate "1995.04.01"]

1. e4 d5 2. exd5 Nf6 3. d4 Nxd5 4. c4 Nb6 5. Nc3 e5 6. d5 c6 7. Nf3 cxd5 8.
cxd5 Bd6 9. Bg5 f6 10. Be3 O-O 11. Qb3 Na6 12. Bxa6 bxa6 13. O-O Bg4 14. Nd2
Rc8 15. Nde4 Bh5 16. Bxb6 axb6 17. Qa4 a5 18. Nb5 Bc5 19. Nec3 Qd7 20. h3 Rfd8
21. Qh4 Be2 22. Nxe2 Qxb5 23. Ng3 Rxd5 24. Qg4 Qd7 25. Nf5 g6 26. Nh6+ Kg7 27.
Qh4 Rf8 28. Ng4 h5 29. Nh2 Rd4 30. Qg3 Rd3 31. Qh4 Qd4 32. Qxd4 Rxd4 33. Nf3
Rd5 34. Rfe1 Rd3 35. Rac1 Rfd8 36. a3 Kf7 37. Rc4 Ke6 38. b4 Be7 39. bxa5 bxa5
40. a4 Bb4 41. Ree4 Rc3 42. Nd4+ Kd5 43. Nc6 Rxc4 44. Rxc4 Kxc4 45. Nxd8 Kb3
0-1

[Event "X Festival Magistrale"]
[Site "Celle Ligure ITA"]
[Date "1995.04.??"]
[Round "3"]
[White "Parrella, Alfredo"]
[Black "Rossi, Giampiero"]
[Result "1/2-1/2"]
[WhiteElo "2205"]
[BlackElo "2145"]
[PlyCount "48"]
[EventDate "1995.04.01"]

1. c4 e6 2. Nc3 d5 3. d4 Nf6 4. cxd5 exd5 5. Bg5 c6 6. e3 Be7 7. Bd3 Nbd7 8.
Qc2 O-O 9. Nf3 Re8 10. O-O Nf8 11. a3 Ne4 12. Bxe7 Qxe7 13. Bxe4 dxe4 14. Nd2
Bf5 15. f3 Qg5 16. f4 Qg6 17. Nc4 Rad8 18. b4 Qe6 19. Na5 Qc8 20. Qf2 b6 21.
Nb3 Be6 22. Nd2 f5 23. Rfc1 Qd7 24. Nf1 Bd5 1/2-1/2

[Event "X Festival Magistrale"]
[Site "Celle Ligure ITA"]
[Date "1995.04.??"]
[Round "3"]
[White "Piccardo, Vittorio"]
[Black "Mazzotti, Carlo"]
[Result "1/2-1/2"]
[WhiteElo "1978"]
[BlackElo "1922"]
[PlyCount "111"]
[EventDate "1995.04.01"]

1. d4 e6 2. c4 Nf6 3. Nf3 Bb4+ 4. Nbd2 b6 5. g3 Bb7 6. Bg2 O-O 7. O-O Bxd2 8.
Bxd2 d6 9. Rc1 Nbd7 10. Bc3 a5 11. b3 Qe7 12. Ne1 Bxg2 13. Nxg2 e5 14. dxe5
dxe5 15. Qc2 Nc5 16. Ne3 Qe6 17. Qf5 Qxf5 18. Nxf5 Rfe8 19. Rfd1 Nfe4 20. Bb2
f6 21. Ba3 a4 22. b4 Ne6 23. f3 N4g5 24. h4 Nf7 25. b5 Nd4 26. Nxd4 exd4 27.
Rc2 Rad8 28. Kf2 Ne5 29. Kg2 d3 30. exd3 Rxd3 31. Rxd3 Nxd3 32. Rd2 Re3 33. Bb2
Nxb2 34. Rxb2 Rc3 35. Kf2 a3 36. Rd2 Rxc4 37. Ke3 Rc5 38. Rd3 Rxb5 39. Rxa3 Kf7
40. Rd3 Ke6 41. Rd8 Rd5 42. Re8+ Kf7 43. Rc8 Rd7 44. a4 Ke6 45. g4 Kd5 46. Kd3
Kc5+ 47. Kc3 Re7 48. Rg8 c6 49. Kd3 Kb4 50. Rb8 b5 51. axb5 cxb5 52. f4 Rc7 53.
g5 fxg5 54. hxg5 Ka5 55. f5 b4 56. Ra8+ {...} 1/2-1/2

[Event "X Festival Magistrale"]
[Site "Celle Ligure ITA"]
[Date "1995.04.??"]
[Round "3"]
[White "Sciacca, Massimo"]
[Black "Leoncini, Mario"]
[Result "1-0"]
[WhiteElo "1908"]
[BlackElo "2185"]
[PlyCount "69"]
[EventDate "1995.04.01"]

1. e4 c5 2. c4 Nc6 3. Nc3 g6 4. g3 Bg7 5. Bg2 d6 6. Nge2 Nf6 7. d4 cxd4 8. Nxd4
Bd7 9. Nxc6 Bxc6 10. Be3 O-O 11. O-O Qa5 12. Qe2 a6 13. Rab1 Rac8 14. b4 Qc7
15. Rbc1 b6 16. Nd5 Nxd5 17. cxd5 Bb5 18. Rxc7 Bxe2 19. Rfc1 Rxc7 20. Rxc7 a5
21. bxa5 bxa5 22. Rxe7 Rb8 23. h4 h5 24. Rd7 Rb2 25. Rxd6 Rxa2 26. Rd8+ Kh7 27.
d6 Ra1+ 28. Kh2 Rd1 29. f4 Bd4 30. Bxd4 Rxd4 31. e5 Bg4 32. Bc6 Rc4 33. Bd5
Rc2+ 34. Kg1 Be6 35. d7 1-0

[Event "X Festival Magistrale"]
[Site "Celle Ligure ITA"]
[Date "1995.04.??"]
[Round "3"]
[White "Tortarolo, Massimiliano"]
[Black "Romano, Edgar"]
[Result "1-0"]
[WhiteElo "2240"]
[BlackElo "1929"]
[PlyCount "101"]
[EventDate "1995.04.01"]

1. e4 d5 2. exd5 Nf6 3. d4 Nxd5 4. c4 Nb6 5. Nc3 e5 6. d5 Bc5 7. Nf3 O-O 8. Be2
N8d7 9. O-O f5 10. Bg5 Be7 11. Bxe7 Qxe7 12. Nb5 e4 13. Ne1 Ne5 14. Qd4 Rd8 15.
f4 Nf7 16. Nc2 c6 17. Nc3 c5 18. Qf2 Nd7 19. a3 Nf6 20. b4 b6 21. bxc5 Qxc5 22.
Nd4 Bd7 23. Nb3 Qxf2+ 24. Kxf2 Rac8 25. Ke3 Nd6 26. Kd4 Nb7 27. a4 Nc5 28. Rfb1
Be8 29. a5 Bh5 30. Bxh5 Nxh5 31. axb6 axb6 32. Nxc5 bxc5+ 33. Ke3 Nf6 34. Ra5
Ne8 35. Na4 Nd6 36. Rc1 Nb7 37. Rb5 Rc7 38. Rcb1 Nd6 39. Rxc5 Nxc4+ 40. Kd4
Rxc5 41. Nxc5 Nd2 42. Rd1 e3 43. Ne6 e2 44. Re1 Rd6 45. Rxe2 Ne4 46. Rc2 h6 47.
Ke5 Kf7 48. Rc7+ Kg6 49. Rxg7+ Kh5 50. g4+ fxg4 51. Kxe4 1-0